Statistiques concernant Les Rois et Reines d'Angleterre

Cliquez ici pour prendre le quiz!

Statistiques générales

  • Ce quiz a été pris 4 641 fois
    (831 depuis la dernière actualisation)
  • Le résultat moyen est 40 sur 62

Statistiques - réponses

HintRéponse% Correct
24/03/1625 - 30/01/1649Charles Ier
96%
08/05/1660 - 06/02/1685Charles II
96%
08/09/2022 - présentCharles III
96%
06/02/1952 - 08/09/2022Elisabeth II
95%
17/11/1558 - 24/03/1603Elisabeth Ire
95%
05/08/1100 - 01/12/1135Henri Ier
86%
19/12/1154 - 06/07/1189Henri II
86%
28/10/1216 - 16/11/1272Henri III
86%
30/09/1399 - 20/03/1413Henri IV
86%
03/10/1470 - 11/04/1471Henri IV
86%
21/03/1413 - 31/08/1422Henri V
86%
01/09/1422 - 04/03/1461Henri VI
86%
22/08/1485 - 21/04/1509Henri VII
86%
22/04/1509 - 28/01/1547Henri VIII
86%
25/12/1066 - 09/09/1087Guillaume Ier
84%
26/09/1087 - 02/08/1100Guillaume II
84%
" " " " " " " " - 08/03/1702Guillaume III
84%
26/06/1830 - 20/06/1837Guillaume IV
84%
01/08/1714 - 11/06/1727George Ier
82%
11/06/1727 - 25/10/1760George II
82%
25/10/1760 - 29/01/1820George III
82%
29/01/1820 - 26/06/1830George IV
82%
06/05/1910 - 20/01/1936George V
82%
11/12/1936 - 06/02/1952George VI
82%
20/06/1837 - 22/01/1901Victoria
81%
08/06/1042 - 04 ou 05/01/1066Edouard
78%
07/975 - 18/03/978Edouard
78%
17/11/1272 - 07/07/1307Edouard Ier
78%
08/07/1307 - 25/01/1327Edouard II
78%
25/01/1327 - 21/06/1377Edouard III
78%
04/03/1461 - 03/10/1470Edouard IV
78%
11/04/1471 - 09/04/1483Edouard IV
78%
09/04/1483 - 25/06/1483Edouard V
78%
28/01/1547 - 06/07/1553Edouard VI
78%
22/01/1901 - 06/05/1910Edouard VII
78%
20/01/1936 - 11/12/1936Edouard VIII
78%
13/02/1689 - 28/12/1694Marie II
68%
19/07/1553 - 17/11/1558Marie Ire
68%
24/03/1603 - 27/03/1625Jacques Ier
66%
06/02/1685 - 11/12/1688Jacques II
66%
27/05/1199 - 19/10/1216Jean
66%
03/09/1658 - 25/05/1659Richard Cromwell
63%
02/09/1189 - 06/04/1199Richard Ier
63%
22/06/1377 - 29/09/1399Richard II
63%
26/06/1483 - 22/08/1485Richard III
63%
08/03/1702 - 01/08/1714Anne
52%
10/07/1553 - 19/07/1553Jeanne Grey
33%
fin 1035 - 17/03/1040Harold
32%
06/01/1066 - 14/10/1066Harold
32%
30/11/1016 - 12/11/1035Knut
28%
22/12/1135 - 25/10/1154Etienne
26%
16/12/1653 - 03/09/1658Oliver Cromwell
26%
07 ou 08/924 - 27/10/939Aethelstan
23%
10/939 - 26/05/946Edmond
22%
23/04/1016 - 30/11/1016Edmond
22%
03/978 - 25/12/1013Aethelred
20%
printemps 1014 - 23/04/1016Aethelred
20%
10/959 - 08/07/975Edgar
20%
été 1013 - 03/02/1014Sven
19%
17/06/1040 - 08/06/1042Hardeknut
17%
05/946 - 23/11/955Eadred
15%
11/955 - 01/10/959Eadwig
14%

Distribution des résultats

Percentile par nombre de réponses

% des personnes avec chaque résultat

Votre développement - résultats

Vous n’avez pas pris ce quiz depuis la dernière actualisation